Un único día / (Record no. 184252)

MARC details
000 -LEADER
campo de control de longitud fija 01203cam a2200277 i 4500
001 - NÚMERO DE CONTROL
campo de control 184252
003 - IDENTIFICADOR DE NÚMERO DE CONTROL
campo de control ES-MaACL
005 - FECHA Y HORA DE LA ÚLTIMA TRANSACCIÓN
campo de control 20240510184608.0
008 - DATOS DE LONGITUD FIJA--INFORMACIÓN GENERAL
campo de control de longitud fija 150601s2010 sp |||| | spa d
020 ## - NÚMERO INTERNACIONAL ESTÁNDAR DEL LIBRO
ISBN cancelado o inválido 978-84-8539-148-2
080 ## - NÚMERO DE LA CLASIFICACIÓN DECIMAL UNIVERSAL
Número de la Clasificación Decimal Universal 821.134.2-14"19"
100 1# - ENTRADA PRINCIPAL--NOMBRE DE PERSONA
Nombre de persona Tundidor, Jesús Hilario,
Fechas asociadas al nombre 1935-
9 (RLIN) 111674
245 10 - MENCIÓN DEL TÍTULO
Título Un único día /
Mención de responsabilidad, etc. Jesús Hilario Tundidor ; prólogo de Natalia Carbajosa.
246 3# - FORMA VARIANTE DEL TITULO
Título propio/Titulo breve Un único día
Resto del título : (poesía completa 1960-2008)
250 ## - MENCION DE EDICION
Mención de edición 1ª ed.
260 ## - PUBLICACIÓN, DISTRIBUCIÓN, ETC.
Lugar de publicación, distribución, etc. Madrid :
Nombre del editor, distribuidor, etc. Calambur,
Fecha de publicación, distribución, etc. 2010.
300 ## - DESCRIPCIÓN FÍSICA
Extensión 2 v. ;
Dimensiones 24 cm.
490 1# - MENCIÓN DE SERIE
Mención de serie Calambur, poesía ;
Designación de volumen o secuencia 108
505 8# - NOTA DE CONTENIDO CON FORMATO
Nota de contenido con formato Contiene: v. 1 ;
Título Borracho en los propileos: poesía 1960-1978 (468 p.) - v. 2 ;
-- Repaso de un tiempo inmóvil: poesía 1980-2008 (443 p.)
830 0# - PUNTO DE ACCESO ADICIONAL DE SERIE-TÍTULO UNIFORME
Título uniforme Calambur poesía
Designación de volumen o secuencia 108
9 (RLIN) 182221
852 ## - LOCALIZACIÓN
Ubicación ES-MaACL
Número de control de estantería A-13495
itemnumber 191237
Signatura antigua Olim: N-6495
Anotaciones manuscritas Dedicatoria autógrafa del autor
Donativo/Legado Donacion: Alejandro Sanz
Sublocalización o colección R.150464
Ubicación en estantería Depósito 1
Designación de la unidad física vol.1
852 ## - LOCALIZACIÓN
Ubicación ES-MaACL
Número de control de estantería A-13496
Signatura antigua Olim: N-6496
Anotaciones manuscritas Dedicatoria autógrafa del autor
Donativo/Legado Donacion: Alejandro Sanz
Sublocalización o colección R.150464
Ubicación en estantería Depósito 1
itemnumber 200859
Designación de la unidad física vol.2
903 ## - NOMBRE PERSONAL DE DONANTE
a Sanz, Alejandro,
d 1967-
e Donante
9 103558
942 ## - ELEMENTOS DE ENTRADA SECUNDARIOS (KOHA)
Fuente del sistema de clasificación o colocación Clasificación decimal universal
Holdings
Estatus retirado Estado de pérdida Fuente del sistema de clasificación o colocación Estado de daño No para préstamo Colección Biblioteca de origen Biblioteca actual Ubicación en estantería Fecha de adquisición Fuente de adquisición Enumeración/cronología de publicación seriada Total de préstamos Signatura topográfica completa Código de barras Visto por última vez Precio de reemplazo Tipo de ítem Koha Nota pública
    Clasificación decimal universal     Libros con dedicatorias Biblioteca del Ateneo de Madrid Biblioteca del Ateneo de Madrid Depósito 1 01/06/2015 Donación v.1   A-13495 1193814 23/02/2023 23/02/2023 Libro impreso Dedicatoria autógrafa del autor
    Clasificación decimal universal     Libros con dedicatorias Biblioteca del Ateneo de Madrid Biblioteca del Ateneo de Madrid Depósito 1 18/11/2023 Donación v.2   A-13496 101206150 18/11/2023 18/11/2023 Libro impreso Dedicatoria autógrafa del autor